000 00479nam a2200169Ia 4500
003 LK-CoDNM
008 010623t1928 xxu||||| |||| 00| 1 sin d
040 _aLK-CoDNM
_dLK-CoDNM
_eLK-CoDNM
041 _asin
080 _a104 F.27
100 _aDhammananda thero, Wileegoda
_eed.
245 _aචර්යාපිටකාර්ථි කථාව
246 _aCharyapitakarthi kathava
260 _bH.De.S Kularathna
_aColombo
_c1928
300 _b361p., 21 cm
942 _cBK
999 _c94439
_d94439